| 000 | 00573nam a2200193 a 4500 | ||
|---|---|---|---|
| 020 | _a0314201467 (student ed.) | ||
| 040 | _cDLC | ||
| 082 | 0 | 0 | _a910 WES 1997 A099 Or. |
| 100 | 1 | _aEnglish, Paul Ward. | |
| 245 | 1 | 0 |
_aGeography : _bpeople and places in a changing world / |
| 246 | 3 | 0 | _aPeople and places in a changing world |
| 250 | _aRev. 2nd ed. | ||
| 260 |
_aSt. Paul : _bWest Pub., _cc1997. |
||
| 300 |
_axxxii, 734 p. : _bill. (some col.), col. maps ; _c27 cm. |
||
| 500 | _aIncludes index. | ||
| 650 | 0 | _aGeography. | |
| 700 | 1 | _aRobinson, Brian S. | |
| 942 | _cEK | ||
| 999 |
_c11872 _d11872 |
||